00922nam a22002537a 450000500170000001000130001702000220003003500130005203700160006504000120008108200130009324500930010625000110019926000430021027000550025330000270030865000290033565000410036470000280040570000240043394200220045799900190047995201700049820170124110055.0 aA-414678 a0852263120c80.00 aA-414678 aCen Lib/Ret aDPLbEN a657bSTU aStudies in accounting theory /cedited by P. K.Ghosh, G. C.Maheshwari [and] R. N. Goyale a2nd ed aNew DelhibWiley Eastern Limitedc1990 a4835/24, Ansari Road, DaryaganjbNew Delhie110002 aviii, 503p. c20cm(Hb) aAccounting theory926345 aElements of accounting theory926346 aMaheshwari, G.C.926347 aGoyale, R.N.926348 2ddccENh657mGHO c129429d129429 04104070aLbLd2015-07-06eCen Lib/Retg80.00l1o657 STUpA-414678r2019-01-15 00:00:00s2019-01-07t1v80.00w2015-07-06yENzW/d List No. 6863/11; dtd 6/8/2020